LEADER 01463nam a2200253 i 4500 001 000000046254 003 CaOOAMICUS 005 19961120000000.0 008 961120s1772 xx u000 u lat u 013 $a17424 026 $aSIde nen- o-si anVe 040 $aSeMil$bita 245 10$aCommentarium de vita et scriptis Jo. Dominici Mansi, .... a Clemente 13. .. 260 $aVenetiis :$bTypis Antonii Zatta,$c1772. 300 $a86, [2] p., [1] carta di tav. :$bantip. calcogr. ;$cfol. 500 $aRitr. di D. Mansi nell'antip. inciso da B. Nerici. - Segn. : pigreco1 A-L4. - Marca tip. sul front. : Una fontana in un giargino. Motto: Auxilum ab alto plus pressa plus surgit. (Repertorio consultato : Marques d'impressors, catalogo online, Univ. di Barcellona). - Nota ms. di provienza : Acquistato dal Primic. [?] Mansi e pagato con la legatura. 500 $aMarca editoriale: Marca non censita. 650 4$aMansi, Giovanni Domenico <1692-1769>.$0(OLS)http://semarc/subject/9832 700 1 $aNerici, Bartolomeo .$0(OLS)http://semarc/name/12086 700 1 $aZatta, Antonio,$d.$0(OLS)http://semarc/name/22982 850 $aSeMil 852 $aSeMil$W1$xVenegono$y1$m2A V 24 FA$j12409$B12409$CSeMilBibl$Z2$F12409 $8I 996 $6245$aCommentarium de vita et scriptis Jo. Dominici Mansi, .... a Clemente 13. ..$9(OLS)http://semarc/title/69080 996 $6260$aVenetiis :$bTypis Antonii Zatta$9(OLS)http://semarc/publisher/32778 LEADER 01040nam a2200217 i 4500 001 000000113939 003 CaOOAMICUS 005 20030408000000.0 008 030408s2001 fr u000 u fre u 013 $a86625 040 $aSeMil$bita 245 13$aUn objet de science, le catholicisme :$bRéflexions autour de l'oeuvre d'Émile Poulat (en Sorbonne, 22-23 octobre 1999) /$couvrage publié sous la direction de Valentine Zuber ... [et al.]. 260 $aParis :$bBayard,$c2001. 300 $a364 p. ;$c21 cm. 650 4$aPoulat, Emile.$0(OLS)http://semarc/subject/20717 700 1 $aZuber, Valentine.$0(OLS)http://semarc/name/47683 850 $aSeMil 852 $aSeMil$W1$xVenegono$y1$m3N I 108$j69585$B69585$CSeMilBibl$Z2$F77492 $81 961 $aAcquisto: Librairie St. Paul-Siloë 996 $6245$aUn objet de science, le catholicisme :$bRéflexions autour de l'oeuvre d'Émile Poulat (en Sorbonne, 22-23 octobre 1999)$9(OLS)http://semarc/title/166472 996 $6260$aParis :$bBayard$9(OLS)http://semarc/publisher/30832